BIOPHARMACEUTICAL DRUG DESIGN IN AND DEVELOPMENT (Record no. 33110)

MARC details
000 -LEADER
fixed length control field 00352nam a22001457a 4500
003 - CONTROL NUMBER IDENTIFIER
control field SGT
020 ## - INTERNATIONAL STANDARD BOOK NUMBER
International Standard Book Number 978-1-58829-716-7
082 ## - DEWEY DECIMAL CLASSIFICATION NUMBER
Classification number 615.1
Item number PON
100 ## - MAIN ENTRY--PERSONAL NAME
Personal name PONG, SUSANNA WU-
245 ## - TITLE STATEMENT
Title BIOPHARMACEUTICAL DRUG DESIGN IN AND DEVELOPMENT
260 ## - PUBLICATION, DISTRIBUTION, ETC. (IMPRINT)
Place of publication, distribution, etc USA
Name of publisher, distributor, etc HUMANA PRESS
Year of Publication 2008
300 ## - PAGE DESCRIPTION
No. of Pages 375
650 ## - SUBJECT ADDED ENTRY--TOPICAL TERM
Topical term or geographic name as entry element BIOPHARMACEUTICAL
942 ## - ADDED ENTRY ELEMENTS (KOHA)
Source of classification or shelving scheme Dewey Decimal Classification
Koha item type Books
Holdings
Withdrawn status Lost status Source of classification or shelving scheme Damaged status Not for loan Collection code Home library Current library Shelving location Date acquired Vendor Name SGTU Bill Number Total Checkouts Full call number Accession No. (Barcode) Date last seen Bill Date Koha item type
    Dewey Decimal Classification   Not For Loan SCIENCE SGT Science & Social Sciences Library SGT Science & Social Sciences Library Reference Book 01/11/2025 ABC SGTU 21721   615.1 PON DP1607 01/11/2025 17/09/2025 Books